| 000 | 00632nas a2200229 4500 | ||
|---|---|---|---|
| 001 | BR7308064 | ||
| 003 | BR-BrBNA | ||
| 005 | 20231205082645.0 | ||
| 007 | ta | ||
| 008 | 230509b bl.|||p| |||| 00| 00por d | ||
| 040 |
_aBR-BrBNA _bpor _cBiblioteca Nacional de Agricultura |
||
| 041 | _a(Pt) | ||
| 072 | _aQ10 | ||
| 100 | 1 | _aBayma, C. | |
| 245 | 1 | _aMoendas e moagem (3)[cana de acucar] | |
| 650 | _aCANA DE ACUCAR | ||
| 650 | _aMOAGEM | ||
| 650 | _aMOENDA | ||
| 773 | 0 |
_tBrasil Acucareiro (Brazil) _xISSN 0006-9167 _g(Apr 1973), v. 81(4) p. 61-66 _wBR7308064 |
|
| 909 |
_a202311 _bLúcia _c55 _dLúcia Elande |
||
| 942 |
_2AGRIS _n0 _cANA |
||
| 999 |
_c93525 _d93525 |
||